000 00580nam a22002297a 4500
003 UA-OsUOA
001 98819
007 ta
008 20130418b un ||||| |||| 00| 0 ukr d
100 _aСеверов П.
090 _a821.161.1
_bС28
942 _cBK
040 _aUA-OsUOA
_brus
_cUA-OsUOA
_dUA-OsUOA
245 _aМорские повести
300 _a461 с.
955 _a3
041 _arus
080 _a821.161.1
260 _aК.
_bДніпро
_c1968
650 7 _a82 Література. Літературознавство
_2UDC
999 _c385028
_d385028